000 00284nam a22001337a 4500
008 170224b xxu||||| |||| 00| 0 eng d
020 _a0316799017
041 _aeng
080 _24 ED
_a617
100 _a5
101 _aSHS
245 _aPLASTIC SURGERY
_cSMITH.J.W
942 _2udc
_cBK
999 _c6195
_d6195